| 000 | 00334nam a2200121Ia 4500 | ||
|---|---|---|---|
| 008 | 240624s9999 xx 000 0 und d | ||
| 041 | _aeng | ||
| 082 | _a423 JAI | ||
| 100 | _aJAIN SATISH KUMAR | ||
| 245 | _aNEW INTERNATIONAL WEBSTER S POCKET THESA | ||
| 260 |
_c2001 _aNew Delhi _bCBS Publishers & Distributors |
||
| 300 | _a318p. ; 17cm. | ||
| 999 |
_c3961 _d3961 |
||